Adivinhe a música da Taylor Swift sem dicas #24 - Statistics

Estatísticas Gerais
  • Esse quiz foi jogado 85 vezes
  • A pontuação média é 234 de 371
Estatísticas das Respostas
Resposta % Correto
I
100%
(I
100%
a
97%
You
96%
you
96%
you)
96%
the
93%
me
91%
me,
91%
be
87%
and
84%
And
84%
your
82%
in
79%
on
79%
to
78%
my
75%
that
72%
when
70%
Don't
69%
don't
69%
but
67%
But
67%
ever
67%
we're
67%
They
66%
they
66%
with
66%
could
64%
I'll
64%
can
61%
Day
61%
of
60%
I'm
58%
there
58%
last
57%
lost,
57%
you're
57%
will
55%
it's
54%
night
54%
after
52%
from
51%
New
51%
Year's
51%
bottles
49%
Hold
49%
hold
49%
(hold
49%
Please
49%
shoes
49%
before,
48%
floor
48%
laugh
48%
read
48%
stay
48%
up
48%
want
48%
down
46%
memories
46%
memories,
46%
party
46%
There's
46%
cleaning
45%
glitter
45%
midnights
45%
stranger
45%
anywhere
43%
become
43%
hand
43%
page
43%
back
42%
Girls
42%
lobby
42%
tell
42%
home
40%
long
40%
recognize
40%
their
40%
away
39%
if
39%
Polaroids
39%
Whose
39%
hard,
37%
road
37%
taxi
37%
Or
36%
or
36%
babe
33%
carrying
33%
gonna
31%
hardwood
31%
three
31%
times
31%
wrong,
31%
Candle
30%
mistakes
30%
turning
30%
forevermore
28%
making
28%
scared,
28%
wax
28%
squeeze
27%
toast
25%
town,
25%
out
24%
crawling
21%
strike
15%
Nenhum quiz correspondente encontrado
Distribuição das Pontuações
Porcentagem de Pessoas com Cada Pontuação
Percentil de Números Respondidos
Sua Pontuação Histórica
Você não jogou esse quiz